Obálka Náhled e-knihy:
Epub
Pro půjčování e-knih musíte být přihlášeni.
Jak si půjčit online?

Expanze. III., Torpédoborec /

Třetí pokračování military sci-fi série plné meziplanetárních válek a bojů s mimozemšťany. Do hry vstupuje mohutná válečná loď.

Uloženo v:
Série:Expanze (Joshua Dalzelle), část 3
Hlavní autor: Dalzelle, Joshua (Autor)
Další autoři: Mařík, Jakub, 1981- (Autor)
Médium: E-kniha
Jazyk:Czech
Vydáno: Ostrava : Fantom Print, 2022
Vydání:1. vydání
Témata:
Příbuzné jednotky:Z cyklu:: Expanze (Joshua Dalzelle)
Tagy:
Žádné tagy
LEADER 02462nam a2200457 i 4500
001 311538
003 CZ PrSKC
005 20260601215707.0
007 ta
008 220412s2022 xr g 000 f cze
015 |a cnb003416629 
020 |a 9788075941053  |q (brožováno) 
035 |a (OCoLC)1357140406 
040 |a ABG001  |b cze  |e rda 
041 1 |a cze  |h eng 
072 7 |a 821.111(73)-3  |x Americká próza  |2 Konspekt 
080 |a 821.111(73)-31  |2 MRF 
080 |a (0:82-311.9)  |2 MRF 
100 1 |a Dalzelle, Joshua  |7 ola2016920778  |4 aut 
240 1 0 |a Destroyer.  |l Česky 
245 1 0 |a Expanze.  |n III.,  |p Torpédoborec /  |c Joshua Dalzelle ; překlad Jakub Mařík 
246 3 0 |a Torpédoborec 
250 |a 1. vydání 
264 1 |a Ostrava :  |b Fantom Print,  |c 2022 
300 |a 285 stran ;  |c 21 cm 
336 |a text  |b txt  |2 rdacontent 
337 |a bez média  |b n  |2 rdamedia 
338 |a svazek  |b nc  |2 rdacarrier 
500 |a Přeloženo z angličtiny 
520 2 |a Třetí pokračování military sci-fi série plné meziplanetárních válek a bojů s mimozemšťany. Do hry vstupuje mohutná válečná loď.  |b Daršická válečná mašinérie pomalu ztrácí dech, ale válka s těmito nebezpečnými mimozemšťany zdaleka není u konce. Do hry totiž nečekaně zasahuje Přízrak. Mohutně vyzbrojený daršický křižník, který záludně napadá lidské cíle - a to nejen ty vojenské. Přízrak bohužel dělá čest svému jménu, protože je doslova nepolapitelný. Flotila tak tasí svůj největší trumf. Respektive dva trumfy. Kapitána Jacksona Wolfa a Nemesis - nejnovější, nejmodernější torpédoborec, který lidstvo vyvinulo. Lov může začít... Nakladatelská anotace. 
655 7 |a americké romány  |7 fd131796  |2 czenas 
655 7 |a vědecko-fantastické romány  |7 fd133847  |2 czenas 
655 9 |a American fiction  |2 eczenas 
655 9 |a science fiction novels  |2 eczenas 
700 1 |a Mařík, Jakub,  |d 1981-  |7 xx0073715  |4 trl 
787 0 8 |i Z cyklu:  |t Expanze (Joshua Dalzelle)  |g 3 
900 |a ABA001  |b 21 
044 |a xr 
910 |a RBIT002 
998 |d 350215  |a https://core.palmknihy.cz/api/books/350215/cover?sibdrz  |b https://core.palmknihy.cz/api/books/350215/cover/400?sibdrz  |c https://core.palmknihy.cz/api/books/350215/cover/50?sibdrz  |e 2030-12-31  |g 288  |i 9788075941053  |j https://core.palmknihy.cz/api/books/350215/preview.epub  |l   |q 49  |r 1  |s https://www.palmknihy.cz/kniha/350215  |t ebook  |y 2022  |z 0  |v Expanze  |w 3 
999 |d 311536